000 00679nam a22001697a 4500
003 0
005 20260122114040.0
020 _a9789347218774
082 _aH 343.540252 GAR
100 _aGarg, Sandeep
_92859
245 _aBhoomi Aarjan, Punrvas Aur Punarvyavasthapan Me Ucheet Pratikar Aur Pardashita Adhikar Adhiniyam, 2023
260 _aNew Delhi
_bCommercial Law Publishers
_c2026
300 _a50 p.
520 _aRight to Fair Compensation and Transparency in Land Acquisition, Rehabilitation and Resettlement Act, 2013
650 _aRight to Fair Compensation and Transparency in Land Acquisition, Rehabilitation and Resettlement Act, 2013
_917223
942 _cB
999 _c360361
_d360361